000 00597nam a2200229Ia 4500
003 OSt
005 20220928103637.0
006 a|||||r|||| 00| 0
007 ta
008 220927b |||||||| |||| 00| 0 eng d
024 _a57823
037 _cTextual
040 _aSDCL
_cSDCL
_beng
041 _2eng
_aeng
082 _aO152,3N416,1, M7
100 _aVats Rakesh
_9406140
245 0 _aSapan raag.
260 _aNew Delhi
_bNational Publishing House
_c1987
300 _a233p.
_ccm.
942 _hO152,3N416,1, M7
_cTEXL
_2CC
999 _c721728
_d721728